<?xml version="1.0" encoding="UTF-8"?>
<record
    xmlns:xsi="http://www.w3.org/2001/XMLSchema-instance"
    xsi:schemaLocation="http://www.loc.gov/MARC21/slim http://www.loc.gov/standards/marcxml/schema/MARC21slim.xsd"
    xmlns="http://www.loc.gov/MARC21/slim">

  <leader>02037cam a2200337 a 4500</leader>
  <controlfield tag="001">5971</controlfield>
  <controlfield tag="003">FISKH</controlfield>
  <controlfield tag="005">20250225093838.0</controlfield>
  <controlfield tag="008">980206r19981996caua          000 1 eng  </controlfield>
  <datafield tag="010" ind1=" " ind2=" ">
    <subfield code="a">   98013247 </subfield>
  </datafield>
  <datafield tag="020" ind1=" " ind2=" ">
    <subfield code="a">0062515608 (cloth)</subfield>
  </datafield>
  <datafield tag="020" ind1=" " ind2=" ">
    <subfield code="a">0062515675 (pbk.)</subfield>
  </datafield>
  <datafield tag="020" ind1=" " ind2=" ">
    <subfield code="a">9780007848423</subfield>
    <subfield code="c">$12.00</subfield>
  </datafield>
  <datafield tag="040" ind1=" " ind2=" ">
    <subfield code="a">DLC</subfield>
    <subfield code="c">DLC</subfield>
    <subfield code="d">DLC</subfield>
    <subfield code="b">eng</subfield>
  </datafield>
  <datafield tag="050" ind1=" " ind2=" ">
    <subfield code="a">PR9199.S497 M6 </subfield>
  </datafield>
  <datafield tag="082" ind1=" " ind2=" ">
    <subfield code="a">813.54 </subfield>
  </datafield>
  <datafield tag="100" ind1="1" ind2=" ">
    <subfield code="a">Sharma, Robin S.</subfield>
    <subfield code="q">(Robin Shilp),</subfield>
    <subfield code="d">1964-</subfield>
  </datafield>
  <datafield tag="245" ind1="1" ind2="4">
    <subfield code="a">The monk who sold his Ferrari :</subfield>
    <subfield code="b">A spiritual fable about fulfilling your dreams and reaching your destiny /</subfield>
    <subfield code="c">Robin S. Sharma.</subfield>
  </datafield>
  <datafield tag="250" ind1=" " ind2=" ">
    <subfield code="a">This edition published by Harper Thorsons 2014</subfield>
  </datafield>
  <datafield tag="260" ind1=" " ind2=" ">
    <subfield code="a">Harper Collins : </subfield>
    <subfield code="b">London, </subfield>
    <subfield code="c">1997</subfield>
  </datafield>
  <datafield tag="300" ind1=" " ind2=" ">
    <subfield code="a">231 pages : </subfield>
    <subfield code="c">18 cm </subfield>
  </datafield>
  <datafield tag="500" ind1=" " ind2=" ">
    <subfield code="a">A captivating story that teaches as it delight. </subfield>
  </datafield>
  <datafield tag="520" ind1=" " ind2=" ">
    <subfield code="a">Includes a bonus excerpt of Robin Sharma's upcoming The Secret Letters of the Monk Who Sold His Ferrari. With more than four million copies sold in fifty-one languages, The Monk Who Sold His Ferrari launched a bestselling series and continues to help people from every walk of life live with far greater success, happiness and meaning in these times of dramatic uncertainty. The Monk Who Sold His Ferrari celebrates the story of Julian Mantle, a successful but misguided lawyer whose physical and emotional collapse propels him to confront his life. The result is an engaging odyssey on how to release your potential and live with passion, purpose and peace. A brilliant blend of timeless wisdom and cutting-edge success principles, The Monk Who Sold His Ferrari is now, more than ever, a guide for the times, as countless Canadians dedicate themselves to living a life where family, work and personal fulfillment are achieved in harmonious balance.</subfield>
  </datafield>
  <datafield tag="650" ind1=" " ind2="0">
    <subfield code="a">Self-realization</subfield>
    <subfield code="v">Fiction.</subfield>
  </datafield>
  <datafield tag="650" ind1=" " ind2="0">
    <subfield code="a">Conduct of life</subfield>
    <subfield code="v">Fiction.</subfield>
  </datafield>
  <datafield tag="655" ind1=" " ind2="7">
    <subfield code="a">Didactic fiction.</subfield>
    <subfield code="2">gsafd</subfield>
  </datafield>
  <datafield tag="655" ind1=" " ind2="7">
    <subfield code="a">Fables.</subfield>
    <subfield code="2">gsafd</subfield>
  </datafield>
  <datafield tag="906" ind1=" " ind2=" ">
    <subfield code="a">7</subfield>
    <subfield code="b">cbc</subfield>
    <subfield code="c">orignew</subfield>
    <subfield code="d">1</subfield>
    <subfield code="e">ocip</subfield>
    <subfield code="f">19</subfield>
    <subfield code="g">y-gencatlg</subfield>
  </datafield>
  <datafield tag="942" ind1=" " ind2=" ">
    <subfield code="2">ddc</subfield>
    <subfield code="c">BK</subfield>
    <subfield code="n">0</subfield>
  </datafield>
  <datafield tag="999" ind1=" " ind2=" ">
    <subfield code="c">5971</subfield>
    <subfield code="d">5971</subfield>
  </datafield>
  <datafield tag="952" ind1=" " ind2=" ">
    <subfield code="0">0</subfield>
    <subfield code="1">0</subfield>
    <subfield code="2">ddc</subfield>
    <subfield code="4">0</subfield>
    <subfield code="7">0</subfield>
    <subfield code="8">NFIC</subfield>
    <subfield code="a">001</subfield>
    <subfield code="b">001</subfield>
    <subfield code="c">ATKSNF</subfield>
    <subfield code="d">2025-02-14</subfield>
    <subfield code="l">1</subfield>
    <subfield code="o">SHA 813.54 PR9199.S497 M6 </subfield>
    <subfield code="p">2025-0574</subfield>
    <subfield code="r">2025-06-05 10:38:52</subfield>
    <subfield code="s">2025-02-27</subfield>
    <subfield code="t">1</subfield>
    <subfield code="w">2025-02-14</subfield>
    <subfield code="y">BK</subfield>
  </datafield>
  <datafield tag="952" ind1=" " ind2=" ">
    <subfield code="0">0</subfield>
    <subfield code="1">0</subfield>
    <subfield code="2">ddc</subfield>
    <subfield code="4">0</subfield>
    <subfield code="7">0</subfield>
    <subfield code="8">NFIC</subfield>
    <subfield code="a">001</subfield>
    <subfield code="b">001</subfield>
    <subfield code="c">ATKSNF</subfield>
    <subfield code="d">2025-02-14</subfield>
    <subfield code="l">5</subfield>
    <subfield code="o">SHA 813.54 PR9199.S497 M6 </subfield>
    <subfield code="p">2025-0575</subfield>
    <subfield code="q">2026-05-06</subfield>
    <subfield code="r">2026-04-22 09:47:00</subfield>
    <subfield code="s">2026-04-22</subfield>
    <subfield code="t">2</subfield>
    <subfield code="w">2025-02-14</subfield>
    <subfield code="y">BK</subfield>
  </datafield>
  <datafield tag="952" ind1=" " ind2=" ">
    <subfield code="0">0</subfield>
    <subfield code="1">0</subfield>
    <subfield code="2">ddc</subfield>
    <subfield code="4">0</subfield>
    <subfield code="7">0</subfield>
    <subfield code="8">NFIC</subfield>
    <subfield code="a">001</subfield>
    <subfield code="b">001</subfield>
    <subfield code="c">SNS</subfield>
    <subfield code="d">2025-02-14</subfield>
    <subfield code="l">1</subfield>
    <subfield code="o">SHA 813.54 PR9199.S497 M6 </subfield>
    <subfield code="p">2025-0576</subfield>
    <subfield code="r">2025-02-25 09:11:50</subfield>
    <subfield code="s">2025-02-21</subfield>
    <subfield code="t">3</subfield>
    <subfield code="w">2025-02-14</subfield>
    <subfield code="y">BK</subfield>
  </datafield>
</record>
